Dedan Setia

Bibliographic Details
Main Author: Zawiah Ahmad
Format: Book
Published: Selangor : Penerbitan ilmumas , 2005
Series:Siri pusaka budi
Subjects:

MARC

LEADER 00000cam a2200000 7i4500
001 0000004790
005 20151222.0
008 070806
020 |a 9833293077 
090 0 0 |a JF   |b CT MAL (5223) 
100 0 |a Zawiah Ahmad 
245 1 0 |a Dedan Setia   |c Zawiah Ahmad 
260 |a Selangor :   |b Penerbitan ilmumas ,   |c 2005 
440 |a Siri pusaka budi 
500 |a Children ages 7-9 years old (orange) 
650 0 |a Malay fiction   |x Classic tales 
999 |a 0000972008   |b Book   |c Children Collection   |e Perbadanan Perpustakaan Awam Johor 
999 |a 0000972009   |b Book   |c Children Collection   |e Perbadanan Perpustakaan Awam Johor 
999 |a 0000972010   |b Book   |c Children Collection   |e Perbadanan Perpustakaan Awam Johor